| 000 | 01021 a2200205 4500 | ||
|---|---|---|---|
| 003 | Nust | ||
| 005 | 20221122144914.0 | ||
| 010 | _a 83073459 | ||
| 020 | _a0826916287 | ||
| 040 | _cNust | ||
| 082 | 0 | 0 | _a621.381,ROC |
| 100 | 1 |
_aRockis, Gary. _9103379 |
|
| 245 | 1 | 0 |
_aSolid state fundamentals for electricians / _cGary Rockis. |
| 250 | _a2nd ed. / | ||
| 260 |
_aAlsip, Ill. : _bAmerican Technical Publishers, _cc1985. |
||
| 300 |
_a232 p. : _bill. (some col.) ; _c28 cm. |
||
| 505 | _aSafety (Page-1), PC Board Construction and Repair (Page-5), Semiconductor Diodes (Page-19), DC Power Supplies Single Phase (Page-41), Solid State Transducers (Page-57), Transistor As DC Switch (Page-78), Silicon Controlled Rectifier SCR (Page-100), TRIAC DIAC and UNI Junction Transistor (Page-119), Transistor as an AC Amplifier (Page-133), Field Effect Transistor and Multistage Amplifier (Page-148),Integrated Circuits IC (Page-167), Fiber Optics (Page-193). | ||
| 650 | 0 | _aTelecommunication Engineering | |
| 942 |
_2ddc _cBK |
||
| 999 |
_c181595 _d181595 |
||